[Event "Pardubice rapid op 34th"]
[Site "Pardubice"]
[Date "2023.07.20"]
[Round "7"]
[White "Nespurek, Jan"]
[Black "Stocek, Martin"]
[Result "0-1"]
[WhiteElo "1689"]
[BlackElo "2036"]
[PlyCount "52"]
[EventDate "2023.07.19"]
[EventType "swiss (rapid)"]
[EventRounds "9"]
[EventCountry "CZE"]
[SourceTitle "CBM 215 Extra"]
[Source "ChessBase"]
[SourceDate "2023.09.30"]
[SourceVersion "1"]
[SourceVersionDate "2023.09.30"]
[SourceQuality "1"]

1. e4 c6 2. d4 d5 3. exd5 cxd5 4. Bd3 Nc6 5. c3 Nf6 6. Bf4 Bg4 7. f3 Bh5 8. Ne2 e6 9. 0-0 Bg6 10. Ng3 Be7 11. Qc2 Qb6 12. Bxg6 hxg6 13. Qb3 Na5 14. Qxb6 axb6 15. Nd2 Kd7 16. Be5 Nc6 17. Nb3 Nxe5 18. dxe5 Ne8 19. Nd4 Nc7 20. a3 Bc5 21. Nge2 Nb5 22. a4 Nxd4 23. cxd4 Bb4 24. Nf4 Bd2 25. Ne2 Be3+ 26. Kh1 Rhc8 0-1

[Event "Pardubice Region-chT 2223"]
[Site "Czech Republic"]
[Date "2022.10.30"]
[Round "2.5"]
[White "Nespurek, Jan"]
[Black "Bulva, Frantisek"]
[Result "1-0"]
[WhiteElo "1616"]
[BlackElo "1675"]
[PlyCount "135"]
[EventDate "2022.10.09"]
[EventType "team-tourn"]
[EventRounds "11"]
[EventCountry "CZE"]
[SourceTitle "EXT 2024"]
[Source "ChessBase"]
[SourceDate "2023.10.10"]
[SourceVersion "1"]
[SourceVersionDate "2023.10.10"]
[SourceQuality "1"]

1. e4 d6 2. d4 g6 3. Nf3 Bg7 4. Bc4 c5 5. c3 cxd4 6. cxd4 Nf6 7. Nc3 0-0 8. 0-0 Nxe4 9. Bxf7+ Rxf7 10. Nxe4 d5 11. Neg5 Rf8 12. Ne5 Nc6 13. Nxc6 bxc6 14. Re1 Qd6 15. Nf3 Bg4 16. Qd3 Bxf3 17. gxf3 Rae8 18. b3 Qf6 19. Ba3 Qh4 20. Bc5 Bh6 21. Qe2 Bf4 22. Qe6+ Rf7 23. h3 Qf6 24. Qxf6 Rxf6 25. Rxe7 Rxe7 26. Bxe7 Re6 27. Bc5 a6 28. Kf1 Bd6 29. Bxd6 Rxd6 30. Re1 Kf7 31. Re5 Rf6 32. Kg2 Rf4 33. Re2 Rf6 34. Kg3 h6 35. h4 h5 36. f4 Re6 37. Re5 Kf6 38. Kf3 Kf7 39. Ke3 Kf6 40. Kd3 Kf7 41. Kc3 Kf6 42. Kb4 Rxe5 43. fxe5+ Kf5 44. Kc5 g5 45. Kd6 gxh4 46. e6 h3 47. e7 h2 48. e8Q h1Q 49. Qe5+ Kg4 50. Kxc6 Qe4 51. Qxe4+ dxe4 52. d5 h4 53. d6 h3 54. d7 h2 55. d8Q h1Q 56. Qg8+ Kf3 57. Qg3+ Ke2 58. Qe3+ Kf1 59. Qc1+ Kg2 60. Qxh1+ Kxh1 61. Kd5 Kg2 62. Kxe4 Kxf2 63. Kd4 Ke2 64. Kc4 Kd2 65. a4 Kc2 66. b4 Kb2 67. b5 a5 68. b6 1-0

[Event "Pardubice Region-chT 2223"]
[Site "Czech Republic"]
[Date "2022.10.09"]
[Round "1.5"]
[White "Kokes, Bohuslav"]
[Black "Nespurek, Jan"]
[Result "1-0"]
[WhiteElo "1909"]
[BlackElo "1616"]
[PlyCount "133"]
[EventDate "2022.10.09"]
[EventType "team-tourn"]
[EventRounds "11"]
[EventCountry "CZE"]
[SourceTitle "EXT 2024"]
[Source "ChessBase"]
[SourceDate "2023.10.10"]
[SourceVersion "1"]
[SourceVersionDate "2023.10.10"]
[SourceQuality "1"]

1. e4 e5 2. Nc3 Nc6 3. Bc4 Bc5 4. d3 d6 5. Na4 Bb6 6. Nxb6 axb6 7. c3 Na5 8. Bb5+ Bd7 9. Bxd7+ Qxd7 10. f4 f5 11. exf5 Qxf5 12. Nf3 0-0-0 13. 0-0 Nf6 14. Ng5 Rde8 15. b4 Nc6 16. Nf7 Rhf8 17. fxe5 Qg6 18. Nxd6+ cxd6 19. exf6 Rxf6 20. Bf4 Rfe6 21. Qf3 Re2 22. Rf2 Rxf2 23. Kxf2 Rf8 24. Kg1 Ne5 25. Qh3+ Kc7 26. Bxe5 dxe5 27. Re1 Rd8 28. Re3 Qg5 29. Qg3 Qxg3 30. Rxg3 Rd7 31. Kf2 Kd6 32. a4 Ke6 33. Ke3 g6 34. Ke4 Rc7 35. c4 Rd7 36. Rf3 Rd8 37. g4 Rd4+ 38. Ke3 Rxg4 39. Rf8 Rd4 40. Rb8 Rd7 41. Ra8 g5 42. a5 bxa5 43. Rxa5 g4 44. Rb5 h5 45. Rb6+ Kf5 46. Rh6 Kg5 47. Rh8 Rd6 48. b5 b6 49. Rc8 h4 50. Rg8+ Kh5 51. Re8 g3 52. hxg3 hxg3 53. Rxe5+ Kg4 54. Re7 Kh3 55. d4 g2 56. Rg7 Kh2 57. Ke4 Re6+ 58. Kd5 Rf6 59. c5 Rf5+ 60. Kc6 bxc5 61. dxc5 g1Q 62. Rxg1 Kxg1 63. b6 Rf6+ 64. Kb5 Rf1 65. c6 Kf2 66. b7 Ke3 67. c7 1-0

[Event "Pardubice rapid op 33rd"]
[Site "Pardubice"]
[Date "2022.07.21"]
[Round "4"]
[White "Sosnik, Sebastian"]
[Black "Nespurek, Jan"]
[Result "1-0"]
[WhiteElo "2255"]
[BlackElo "1571"]
[PlyCount "63"]
[EventDate "2022.07.20"]
[EventType "swiss (rapid)"]
[EventRounds "9"]
[EventCountry "CZE"]
[SourceTitle "CBM 209 Extra"]
[Source "ChessBase"]
[SourceDate "2022.09.30"]
[SourceVersion "1"]
[SourceVersionDate "2022.09.30"]
[SourceQuality "1"]

1. e4 e5 2. Nf3 Nf6 3. Nxe5 d6 4. Nf3 Nxe4 5. d4 d5 6. Bd3 Bd6 7. 0-0 0-0 8. c4 c6 9. Nc3 Nxc3 10. bxc3 dxc4 11. Bxc4 Bf5 12. Bg5 Be7 13. Bxe7 Qxe7 14. Re1 Qa3 15. Ne5 Nd7 16. Nxf7 Rxf7 17. Bxf7+ Kxf7 18. Qf3 Nf6 19. Qxf5 Qxc3 20. Rab1 b6 21. Rbc1 Re8 22. Red1 Qb4 23. g4 g6 24. Qf4 Kg7 25. Rxc6 Nd5 26. Qf3 Rd8 27. Re6 Qc4 28. Qe2 Qc3 29. Qe5+ Kg8 30. Re8+ Rxe8 31. Qxe8+ Kg7 32. Qd7+ 1-0

[Event "Pardubice op rapid 32nd"]
[Site "Pardubice"]
[Date "2021.07.21"]
[Round "1"]
[White "Jobava, Baadur"]
[Black "Nespurek, Jan"]
[Result "1-0"]
[WhiteElo "2603"]
[BlackElo "1547"]
[PlyCount "72"]
[EventDate "2021.07.21"]
[EventType "swiss (rapid)"]
[EventRounds "9"]
[EventCountry "CZE"]
[SourceTitle "CBM 203 Extra"]
[Source "ChessBase"]
[SourceDate "2021.09.30"]
[SourceVersion "1"]
[SourceVersionDate "2021.09.30"]
[SourceQuality "1"]

1. e4 e5 2. Nf3 Nc6 3. d4 exd4 4. Nxd4 d6 5. Nc3 Nf6 6. Bg5 Be7 7. Bb5 Bd7 8. Bxc6 Bxc6 9. 0-0 0-0 10. Re1 Nd7 11. Bxe7 Qxe7 12. h3 Nc5 13. Qg4 Qf6 14. Rad1 Rfe8 15. Nxc6 bxc6 16. Re3 Rab8 17. b3 Re6 18. Rde1 h6 19. Qe2 Rbe8 20. Qc4 a5 21. a3 Re5 22. b4 axb4 23. axb4 Ne6 24. Qxc6 Rb8 25. Nd5 Qh4 26. c3 Qd8 27. f4 Nxf4 28. Nxf4 Rb6 29. Qc4 Qd7 30. Nd5 Rb7 31. b5 Rxb5 32. Qxc7 Qxc7 33. Nxc7 Rb2 34. Nd5 f5 35. c4 Rc2 36. exf5 Rxf5 1-0